Scholarship revisited : perspectives on the scholarship of teaching

Other Authors: Kreber,
Published: New York: Jossey-Bass, 2001.
Series:New directions for teaching and learning
Subjects:
LEADER 00759cam a2200205 7i4500
001 0000017470
005 20020407090000.0
020 # 0 |a 0787954470  
090 0 0 |a LA 227.4   |b S368 
245 0 0 |a Scholarship revisited :   |b perspectives on the scholarship of teaching   |c Kreber Carolin (ed.). 
260 # # |a New York:   |b Jossey-Bass,   |c 2001. 
300 # # |a 109p.:   |b ill.;   |c 23cm.. 
490 0 0 |a New directions for teaching and learning 
500 # # |a No.86, summer 2001 
504 0 0 |a Includes bibliographical references and index 
650 0 0 |a Education, Higher --   |z United States.  
650 0 0 |a Learning and scholarship --   |z United States.  
650 0 0 |a College teacher --   |z United States.  
700 1 1 |a Kreber,   |h Carolin  
999 |a 1100000731  |b Book  |c Open Shelf  |e KOLEKSI TERBUKA